[Event "Nairobi Afzali Memorial"]
[Site "Nairobi"]
[Date "2024.05.05"]
[Round "4"]
[White "Lwanga, Aguda"]
[Black "Patnaik, Sarthak"]
[Result "0-1"]
[WhiteElo "1782"]
[BlackElo "1684"]
[PlyCount "82"]
[EventDate "2024.05.04"]
[EventType "swiss"]
[EventRounds "4"]
[EventCountry "KEN"]
[SourceTitle "CB20_2024"]
[SourceDate "2024.05.16"]
[SourceVersion "1"]
[SourceVersionDate "2024.05.16"]
[SourceQuality "1"]

1. e4 c5 2. Nf3 e6 3. d4 cxd4 4. Nxd4 a6 5. a3 Nc6 6. Nc3 Qc7 7. Be3 Nf6 8. f3 b5 9. Be2 Bb7 10. 0-0 Rd8 11. Bg5 Nxd4 12. Kh1 Nxe2 13. Qxe2 Be7 14. f4 Qc4 15. Qe3 Nxe4 16. Bxe7 Kxe7 17. f5 Nf6 18. Rad1 Rhe8 19. Rf4 Qc6 20. Rd2 Kf8 21. Rh4 exf5 22. Qg3 Qc7 23. Qf2 Ng4 24. Qf1 Qf4 25. Qd1 Nf2+ 26. Kg1 Nxd1 27. Rxf4 Re1+ 28. Rf1 Rxf1+ 29. Kxf1 Nxb2 30. Ne2 Nc4 31. Rd3 Be4 32. Rc3 Rc8 33. Kf2 Nb6 34. Rh3 Rxc2 35. Ke1 h6 36. Re3 Nc4 37. Rb3 Ra2 38. Ng3 Rxa3 39. Rb4 d5 40. Nxe4 fxe4 41. g4 d4 0-1

[Event "Nairobi op"]
[Site "Nairobi"]
[Date "2023.04.07"]
[Round "3"]
[White "Murage, Samuel"]
[Black "Patnaik, Sarthak"]
[Result "1-0"]
[WhiteElo "1288"]
[BlackElo "1278"]
[PlyCount "63"]
[EventDate "2023.04.06"]
[EventType "swiss"]
[EventRounds "9"]
[EventCountry "KEN"]
[SourceTitle "EXT 2024"]
[Source "ChessBase"]
[SourceDate "2023.10.10"]
[SourceVersion "1"]
[SourceVersionDate "2023.10.10"]
[SourceQuality "1"]

1. c4 c5 2. Nc3 e6 3. e4 Nc6 4. Nf3 Nf6 5. d3 Be7 6. e5 Ng4 7. Qe2 d6 8. exd6 Bxd6 9. h3 Nf6 10. Bg5 0-0 11. Ne4 Be7 12. Bxf6 Bxf6 13. Nxf6+ Qxf6 14. 0-0-0 b6 15. g4 Bb7 16. Rg1 Nb4 17. Bg2 Nxa2+ 18. Kb1 Nb4 19. g5 Qe7 20. h4 Rad8 21. h5 g6 22. Nh2 Bxg2 23. Rxg2 e5 24. Qe3 Nc6 25. Ng4 f5 26. Nf6+ Kg7 27. hxg6 hxg6 28. Rh2 Rh8 29. Rdh1 Nd4 30. Rh7+ Kf8 31. Rxh8+ Kf7 32. R1h7+ 1-0